1386 1953 1247 1819 1118 1415 1211 1457 1299 1946 1506 1561 1196 1639 1560 1178 1536 1557 1902 1635 1161 1056 1256 1872 1332 1421 1964 1754 1860 1769 1897 1365 1078 1217 1299 1000 1903 1835 1570 1714 1523 1740 1116 1647 1886 1395 1362 1215 1684 1420 1285 1444 1477 1346 1985 1950 1194 1995 1182 1287 1056 1850 1443 1859 1499 1110 1700 1972 1834 1224 1377 1327 1863 1882 1963 1112 1852 1438 1028 1422 1576 1311 1087 1452 1600 1740 1850 1549 1388 1758 1600 1370 1832 1745 1105 1387 1699 1957 1981 BCNSPRNW ULIB Ver.6.0+V

เปลี่ยนเป็นภาษาไทย

Change to English
 แสดงรายละเอียดบรรณานุกรม
  กลับหน้าหลัก

Brief Record : Get Marc (ISO 2709) : E-mail record : QR code < ปิดหน้าต่าง
LEADER : 00000nam 2200000uu 4500
001    13399128052
003     ULIB
008    220202s2563||||th 000 0 tha d
020 ^- ^a9786160040995
050 ^- ^aนว.^bฌ652ล
100 0^ aเฌอนมไข่มุก.
245 10 ^aเล่ห์รักเมฆา /^cเฌอนมไข่มุก.
250 ^- ^aพิมพ์ครั้งแรก.
260 ^- ^aกรุงเทพฯ :^bSugar Beat,^c2563
300 ^- ^a608 หน้า.
945    ^p420^l0^i29197
999    ^aกัณชพร จุลอักษร
รายการนี้ยังไม่มีแท็ก
คุณยังไม่ได้ล็อกอิน คุณสามารถมีกิจกรรมร่วมกับเว็บไซต์ได้ แต่ต้องล็อกอินก่อน ::
  ล็อกอิน

รายการสื่อสารสนเทศ

ลำดับที่ ประเภท เลขเรียก/บาร์โค้ด สถานที่ สถานะ
1. วิทยาศาสตร์การแพทย์ และสุขภาพ
วิทยาศาสตร์การแพทย์ และสุขภาพ
นว. ฌ652ล ฉ.1 
  Barcode: 29197
ห้องสมุดวิทยาเขตนครสวรรค์
►นวนิยาย:l:Fiction
บนชั้น

BibComment


ยังไม่เคยถูกคอมเมนท์

คอมเมนท์ทรัพยากรรายการนี้
  คอมเมนท์: เล่ห์รักเมฆา เฌ..


 Copyright 2026. Bcnsprnw @Library